书目信息 |
| 题名: |
演讲英语
|
|
| 作者: | 马壮寰 编著 | |
| 分册: | ||
| 出版信息: | 北京 北京大学出版社 2005 |
|
| 页数: | 286页 | |
| 开本: | 20cm | |
| 丛书名: | ||
| 单 册: | ||
| 中图分类: | H311.9 | |
| 科图分类: | ||
| 主题词: | 英语 | |
| 电子资源: | ||
| ISBN: | 7-301-09030-7 | |
| 000 | 00582nam0 2200205 450 | |
| 001 | 0831948758 | |
| 005 | 20081021085348.34 | |
| 010 | @a7-301-09030-7@dCNY15.00 | |
| 100 | @a20081021d2005 km y0chiy0120 ea | |
| 101 | 0 | @achi |
| 102 | @aCN@b110000 | |
| 200 | 1 | @a演讲英语@Ayan jiang ying yu@f马壮寰编著@Fma zhuang huan bian zhu |
| 205 | @a第二版 | |
| 210 | @a北京@c北京大学出版社@d2005 | |
| 215 | @a286页@d20cm | |
| 606 | 0 | @a英语 |
| 690 | @aH311.9@v4 | |
| 701 | 0 | @a马壮寰@Ama zhuang huan@4编著 |
| 801 | 0 | @aCN@b大连网信软件有限公司图书馆·11@c20081021 |
| 905 | @aZUCC@dH311.9@e63=2 | |
| 演讲英语/马壮寰编著.-第二版.-北京:北京大学出版社,2005 |
| 286页;20cm |
| ISBN 7-301-09030-7:CNY15.00 |
| ● |
| 相关链接 |
|
|
|
|
正题名:演讲英语
索取号:H311.9/63=2
 
预约/预借
| 序号 | 登录号 | 条形码 | 馆藏地/架位号 | 状态 | 备注 |
| 1 | 0277115 | 202456154 | 第二样本阅览室/ [索取号:H311.9/63=2] | 在馆 |